000 00296nam a2200109Ia 4500
008 220216s9999 xx 000 0 und d
100 _aMaar Zainal Abidin
245 0 _aEvaluation of ENR 50 as footwear adhesive
650 _aEpoxidised natural rubber
650 _aFootwear adhesive
942 _cJS
999 _c58920
_d58920